Normal view
MARC view
Entry Topical Term
001 - CONTROL NUMBER
- control field: 82446
003 - CONTROL NUMBER IDENTIFIER
- control field: OSt
005 - DATE AND TIME OF LATEST TRANSACTION
- control field: 20240702145654.0
008 - FIXED-LENGTH DATA ELEMENTS
- fixed length control field: 240702|| aca||aabn | a|a d
040 ## - CATALOGING SOURCE
- Original cataloging agency: OSt
- Transcribing agency: OSt
150 ## - HEADING--TOPICAL TERM
- Topical term or geographic name entry element: जनरल नाॅलेज
670 ## - SOURCE DATA FOUND
- Source citation: Work cat.: (OSt)66942: डॉ .शर्मा एवं सिंह 82445, एस. एस. सी. संयुक्त स्नातक स्तरीय परीक्षा









